MARC

LEADER 00000nam a2200000 4500
001 vtls011976271
003 SK-MaSNL
005 20260302093606.0
008 240409s2019 xo o g c 000 0 slo
015 |a SNBE2020 
020 |a 9788055333670  |q (brožované) 
035 |a urn:nbn:sk:snk-am00el3s 
035 |a urn:nbn:sk:snk-am3iiyf 
035 |a BA08483F-5424-4CC1-A75F-6A28C657FA07 
040 |a SNK  |b slo  |c SNK  |e rda 
041 0 |a slo  |a eng 
043 |a e-xo--- 
044 |a xo  |c SK 
072 7 |a 76  |x Grafické umenie. Grafika  |2 konspekt 
080 |a 378.6:62  |2 2011 
080 |a 659.133.1:655.2  |2 2011 
080 |a 766:655  |2 2011 
080 |a 316.77:159.931  |2 2011 
080 |a 7.04  |2 2011 
080 |a (437.672)  |2 2011 
080 |a (083.824)  |2 2011 
080 |a (079)371.27  |2 2011 
245 0 0 |a 100 rokov Československého Červeného kríža (1919-2019)  |c zostavil: Andrej Haščák ; preklad: Eva Jenčuráková 
246 3 |a Sto rokov Československého Červeného kríža (1919-2019) 
246 3 1 |a 100 years of the Czechoslovak Red Cross (1919-2019) 
250 |a Vydanie prvé 
264 1 |a Košice  |b Technická univerzita v Košiciach, Fakulta umení, Katedra dizajnu  |c 2019 
300 |a 35 strán  |b fotografie  |c 21 cm 
336 |a text  |b txt  |2 rdacontent 
336 |a statický obraz  |b sti  |2 rdacontent 
337 |a bez média  |b n  |2 rdamedia 
338 |a zväzok  |b nc  |2 rdacarrier 
366 |e 100 kusov 
500 |a Názov z obalu 
546 |a Súbežný názov a text v angličtine 
610 2 7 |a Československý Červený kríž (organizácia)  |2 SNKKA  |9 199903 
610 2 7 |a Technická univerzita v Košiciach.  |b Fakulta umení.  |b Katedra dizajnu.  |b Ateliér Vizuálna komunikácia  |2 SNKKA  |9 181390 
648 7 |a 1919-2019  |2 SNKPH  |9 362455 
648 7 |a 21. storočie  |2 SNKPH  |9 301294 
648 7 |a 21st century  |2 SNKPHeng  |9 303236 
650 0 7 |a typografické plagáty  |2 SNKPH  |9 191159 
650 0 7 |a vizuálna komunikácia  |2 SNKPH  |9 66521 
650 0 7 |a námety, témy a motívy  |2 SNKPH  |9 2883 
650 0 7 |a grafický dizajn  |2 SNKPH  |9 764 
650 0 7 |a Typographic posters  |2 SNKPHeng  |9 501695 
650 0 7 |a Graphic design  |2 SNKPHeng  |9 306705 
650 0 7 |a Visual communication  |2 SNKPHeng  |9 312221 
650 0 7 |a Themes and motives  |2 SNKPHeng  |9 284413 
650 0 7 |a vysoké školy technické  |2 SNKPH  |9 71431 
650 0 7 |a Technical universities  |2 SNKPHeng  |9 265533 
651 7 |a Košice (Slovensko)  |2 SNKPH  |9 18694 
651 7 |a Košice (Slovakia)  |2 SNKPHeng  |9 265902 
655 7 |a katalógy výstav  |2 SNKPH  |9 70445 
655 7 |a študentské práce  |2 SNKPH  |9 119560 
655 7 |a Exhibition catalogs  |2 SNKPHeng  |9 266232 
655 7 |a Student papers  |2 SNKPHeng  |9 330722 
700 1 |a Haščák, Andrej,  |d 1976-  |4 com  |9 98500 
700 1 |a Jenčuráková, Eva,  |d 1991-  |4 bkd  |4 trl  |9 189575 
852 |a Slovenská národná knižnica v Martine 
919 |a 978-80-553-3367-0 
958 |a CP 
999 |c 1209577  |d 1211507 
952 |a SNK  |b SNK  |y PREZ  |7 0  |p 17A1427473  |o snkOSC 29084  |i snk2020/11166  |8 0  |0 0  |1 0  |4 0  |d 2020-06-24  |f 1  |l 0  |r 2026-02-24 23:09:04  |w 2026-02-24 
952 |a SNK  |b SNK  |y VYP  |7 0  |p 17A1427474  |o snkOSC 29084 D1  |i snk2020/11167  |8 0  |0 0  |1 0  |4 0  |d 2020-06-24  |l 0  |r 2026-02-24 23:09:04  |w 2026-02-24